<?xml version="1.0" encoding="UTF-8"?>
<record
    xmlns:xsi="http://www.w3.org/2001/XMLSchema-instance"
    xsi:schemaLocation="http://www.loc.gov/MARC21/slim http://www.loc.gov/standards/marcxml/schema/MARC21slim.xsd"
    xmlns="http://www.loc.gov/MARC21/slim">

  <leader>01340    a2200169   4500</leader>
  <controlfield tag="005">20241008113406.0</controlfield>
  <controlfield tag="008">241008b        |||||||| |||| 00| 0 eng d</controlfield>
  <datafield tag="020" ind1=" " ind2=" ">
    <subfield code="a">9789360534783</subfield>
  </datafield>
  <datafield tag="041" ind1=" " ind2=" ">
    <subfield code="a">English</subfield>
  </datafield>
  <datafield tag="100" ind1=" " ind2=" ">
    <subfield code="a">Mcmullen K.</subfield>
    <subfield code="9">208531</subfield>
  </datafield>
  <datafield tag="245" ind1=" " ind2=" ">
    <subfield code="a">Programming with Python </subfield>
  </datafield>
  <datafield tag="260" ind1=" " ind2=" ">
    <subfield code="b">Cengage Learning India</subfield>
    <subfield code="c">2023</subfield>
  </datafield>
  <datafield tag="300" ind1=" " ind2=" ">
    <subfield code="a">537</subfield>
  </datafield>
  <datafield tag="520" ind1=" " ind2=" ">
    <subfield code="a">Table of Content

1. Computational Thinking.

2. Programming Tools.

3. Literals, Variables, and Constants.

4. Numeric Data Types and Expressions.

5. Character and String Data Types.

6. Decision Control Structures.

7. Repetition Control Structures.

8. Lists.

9. Functions.

10. Exceptions.

11. File Operations.

12. Recursion.

13. Modules.

14. Classes and Objects.

15. Methods.

16. Encapsulation.

17. Inheritance.

18. Polymorphism.

19. Linked List Data Structures.

20. Stacks, Queues, and Tables.

21. Trees and Graphs.

22. Algorithm Complexity and Big-O Notation.

23. Search Algorithms.

24. Sorting Algorithms.

25. Processor Architecture.

26. Data Representation.

27. Programming Paradigms.

28. User Interfaces.

29. Software Development Methodologies.

30. Pseudocode, Flowcharts, and Decision Tables.

31. Unified Modeling Language.</subfield>
  </datafield>
  <datafield tag="700" ind1=" " ind2=" ">
    <subfield code="a">Matthews E.</subfield>
    <subfield code="a">Parsons J.J.</subfield>
    <subfield code="9">208546</subfield>
  </datafield>
  <datafield tag="942" ind1=" " ind2=" ">
    <subfield code="c">BK</subfield>
  </datafield>
  <datafield tag="999" ind1=" " ind2=" ">
    <subfield code="c">359759</subfield>
    <subfield code="d">359759</subfield>
  </datafield>
  <datafield tag="952" ind1=" " ind2=" ">
    <subfield code="0">0</subfield>
    <subfield code="1">0</subfield>
    <subfield code="2">ddc</subfield>
    <subfield code="4">0</subfield>
    <subfield code="7">0</subfield>
    <subfield code="a">CCEP</subfield>
    <subfield code="b">CCEP</subfield>
    <subfield code="d">2024-10-03</subfield>
    <subfield code="e">87</subfield>
    <subfield code="g">487.50</subfield>
    <subfield code="l">3</subfield>
    <subfield code="o">005.13'3 MCM</subfield>
    <subfield code="p">CCEP-BK-67472</subfield>
    <subfield code="r">2026-03-27 18:44:31</subfield>
    <subfield code="s">2026-03-12</subfield>
    <subfield code="v">650.00</subfield>
    <subfield code="w">2024-10-03</subfield>
    <subfield code="y">BK</subfield>
  </datafield>
  <datafield tag="952" ind1=" " ind2=" ">
    <subfield code="0">0</subfield>
    <subfield code="1">0</subfield>
    <subfield code="2">ddc</subfield>
    <subfield code="4">0</subfield>
    <subfield code="7">0</subfield>
    <subfield code="a">CCEP</subfield>
    <subfield code="b">CCEP</subfield>
    <subfield code="d">2024-10-03</subfield>
    <subfield code="e">87</subfield>
    <subfield code="g">487.50</subfield>
    <subfield code="l">7</subfield>
    <subfield code="o">005.13'3 MCM</subfield>
    <subfield code="p">CCEP-BK-67471</subfield>
    <subfield code="r">2026-05-12 11:45:21</subfield>
    <subfield code="s">2026-03-27</subfield>
    <subfield code="v">650.00</subfield>
    <subfield code="w">2024-10-03</subfield>
    <subfield code="y">BK</subfield>
  </datafield>
</record>
